北京市故宫博物院导览地图景点(The Palace Museum Attractions) - Statistics

General Stats
  • This quiz has been taken 19 times
  • The average score is 9 of 17
Answers on the Map
Answers color-coded by a green-red scale on the quiz's map according to % correct below.
 
Answer Stats
景点名称 % Correct
午门
94%
太和殿
94%
养心殿
81%
保和殿
75%
中和殿
69%
乾清宫
63%
武英殿
56%
坤宁宫
56%
御花园
56%
神武门
56%
文华殿
50%
太和门
44%
交泰殿
38%
西六宫区
13%
东六宫区
13%
奉先殿
13%
宁寿宫区
13%
No matching quizzes found
Score Distribution
Percent of People with Each Score
Percentile by Number Answered
Your Score History
You have not taken this quiz